000 00691nam a2200289Ia 4500
005 20260324120233.0
008 008 260324s9999 xx 000 0 eng d
020 _a9780429256882
037 _aEBOOK
040 _aCRL
040 _beng
040 _cCRL
041 _2eng
041 _aeng
084 _qCRL
100 _aKaty Tynan
_91157766
245 0 _aFree Agent
245 4 _bThe Independent Professional's Roadmap to Self-Employment Success
260 _bTaylor and Francis
260 _c2015
365 _a
365 _b290
856 _uhttp://www.taylorfrancis.com/books/9780429256882
942 _cEBOOK
999 _c1749197
_d1749197